00922nam a2200265 i 4500003000900000005001700009008004100026040004300067041000800110082002200118100003200140245006600172264003300238300002300271336002200294337002400316338003300340490007800373500001900451546002100470650002000491651001000511830007800521856005700599EG-GICUC20260427082102.0260427s1971 it |||fr|||| 001 0 ita d aEG-GiCUCbitacEG-GiCUCdEG-GiCUCerda aita04221a343.7bRA . C1 aRamacci, Fabrizio.eAuthor.13aLe condizioni obiettive di punibilità / cFabrizio Ramacci. 1aNapoli : bE Jovene, c1971. a245 pages ;c24 cm 2rda contentatext 2rda mediaaComputer 2rda carrieraOnline Resource1 aPUBBLICAZIONI DELLA FACOLTA GIURIDICA DELL'UNIVERSITÀ DI NAPOLIvCXXXII aInclude Index. a Text in Italian14aPenology2qrmak1 2qrmak 0aPUBBLICAZIONI DELLA FACOLTA GIURIDICA DELL'UNIVERSITÀ DI NAPOLIvCXXXII40uhttps://fll.law.cu.edu.eg/fulltext/bks/B10-11255.pdf